000 00400pab a2200169 454500
008 180718b1981 xxu||||| |||| 00| 0 eng d
100 _aKambo, B.
245 _aPlanning game and urban development authorities
260 _c1981
300 _ap.61-65.
362 _aJan-Mar
650 _aUrban development
650 _aUrban planning
773 _aNagarlok
908 _aN
909 _a101922
999 _c101920
_d101920